[Event "Memorial E.Geller (open)"]
[Site "masterchessopen.com Odessa (Ukraine)"]
[Date "2005.09.16"]
[Round "2"]
[White "Tarlev Konstantin (UKR)"]
[Black "Nester Igor (UKR)"]
[Result "1-0"]
[WhiteElo "2413"]
[BlackElo "2314"]

1.e4 e5 2.Nf3 Nc6 3.Bb5 a6 4.Ba4 Nf6 5.O-O Be7 6.Re1 b5 7.Bb3 d6 8.c3 O-O 9.h3
Nb8 10.d4 Nbd7 11.Nbd2 Bb7 12.Bc2 Re8 13.Nf1 Bf8 14.Ng3 g6 15.a4 Bg7 16.d5 Qb8
17.c4 c6 18.b3 bxc4 19.bxc4 a5 20.Be3 Qc7 21.Ne2 Ba6 22.Bd3 cxd5 23.cxd5 Nxd5
24.Rc1 Nxe3 25.Rxc7 Nxd1 26.Bxa6 Rxa6 27.Rxd7 Nb2 28.Nc3 h6 29.h4 Rc8 30.Nd5
Bf8 31.Rb1 Rb8 32.h5 g5 33.Rc1 Bg7 34.Rcc7 Rf8 35.Ne7+ Kh7 36.Ng6 Rg8 37.Rxf7
Raa8 38.Nh2 {#r} 1-0

[Event "Cup European Club (final)"]
[Site "masterchessopen.com Saint Vincent (Italy)"]
[Date "2005.09.20"]
[Round "3"]
[White "Shchekachev Andrei (FRA)"]
[Black "Azarov Sergei (BLR)"]
[Result "1-0"]
[WhiteElo "2564"]
[BlackElo "2599"]

{ Shchekachev Andrei (RUS) +0 =1 -0 Azarov Sergei (BLR) +1 =3 -5 } 1.e4 e5
2.Nf3 Nc6 3.Bb5 a6 4.Ba4 Nf6 5.O-O Be7 6.Re1 b5 7.Bb3 d6 8.c3 O-O 9.h3 Nb8
10.d4 Nbd7 11.Nbd2 Bb7 12.Bc2 c5 13.Nf1 { ?/= } 13...Qc7 ( 13...Re8 14.Ng3 Bf8
15.d5 g6 16.b3 Nb6 17.Be3 Bc8 18.a4 bxa4 19.bxa4 Nc4 20.Bg5 Bg7 21.Qe2 Na5
22.Qd2 Rb8 23.Reb1 Rxb1+ 24.Rxb1 Bd7 25.c4 Nxc4 26.Qd3 Na5 27.Qxa6 Bc8 28.Qa7
Re7 29.Qa8 Qc7 30.Nd2 c4 31.Be3 Nd7 32.Rb5 Nb7 33.a5 c3 34.Nb3 Re8 35.a6 Nbc5
36.a7 Nb7 37.Ne2 Rf8 38.Nec1 f5 39.f3 Bf6 40.exf5 Kg7 41.fxg6 hxg6 42.Nd3 Bh4
{ 1-0, Tal Mikhail 2650 - Gligoric Svetozar 2595 , Leningrad 1973 Izt (cat.12)
} ) 14.d5 c4 ( 14...Rfe8 15.Ng3 c4 16.Nh2 g6 17.Be3 Bf8 18.Qd2 Nc5 19.Bg5 Bg7
20.Rf1 h5 21.Rae1 a5 22.Bh6 Bxh6 23.Qxh6 Qe7 24.f4 exf4 25.Qxf4 Nfd7 26.Nf3
Ne5 27.Nxe5 dxe5 28.Qf2 Rf8 29.Nf5 Qc7 30.d6 Qb6 31.Kh1 Nd7 32.Qd2 { 1-0,
Anand Viswanathan 2735 - Xie Jun 2510 , Monte Carlo 1996 It "Melody Amber"
(blindfold) } ) 15.g4 ( 15.Ng3 Rfb8 16.Nf5 Bf8 17.Nh2 Nc5 18.Ng4 Ne8 19.Re3
Bc8 20.Rg3 Kh8 21.f4 a5 22.a3 f6 23.Bd2 Bxf5 24.exf5 Qf7 25.Qf3 Nc7 26.Ne3 a4
27.Rd1 Re8 28.fxe5 dxe5 29.Be4 Nxe4 30.Qxe4 Na6 31.h4 Nc5 32.Qg4 Nd3 33.h5 Bc5
{ 0-1, Herrera Irisberto 2442 - Delchev Aleksander 2601 , Albacete 2003 It
(open) } ) ( 15.Nh4 { +0.48 CAP } ) 15...a5 { N } ( 15...Rfb8 16.Ng3 Nc5 17.g5
Ne8 18.Nf5 Bf8 19.Nh2 Bc8 20.Ng4 a5 21.Kh2 b4 22.Rg1 Kh8 23.Qf3 a4 24.Qg3 b3
25.Nf6 Bxf5 26.exf5 gxf6 27.gxf6 Nxf6 28.Bg5 Bg7 29.Bh4 Nh5 30.Qg4 f6 31.Qxh5
bxc2 32.Rg6 Nd3 33.Rh6 Rf8 { 0-1, Di Paolo Raffaele 2323 - Delchev Aleksander
2601 , Genova 2003 It (open) } ) 16.Ng3 Rfb8 17.g5 Ne8 18.Nh2 Bf8 19.Ng4 b4
20.Nf5 Nc5 21.Re3 Kh8 22.Rf3 Ba6 23.h4 h5 { ?! } ( 23...Kg8 24.h5 { } )
24.gxh6 g6 25.Ng7 Nxg7 26.hxg7+ Bxg7 27.h5 Qe7 28.Kg2 f5 { ? } ( 28...bxc3 {
!? } 29.Qh1 g5 30.h6 Bf8 { } ) 29.hxg6 f4 30.Qh1+ Kg8 31.Bxf4 { +156.50 CAP }
{#r} 1-0

[Event "Ch Asia"]
[Site "masterchessopen.com Hyderabad (India)"]
[Date "2005.10.14"]
[Round "8"]
[White "Prathamesh Sunil Mokal (IND)"]
[Black "Singh Rishipal S (IND)"]
[Result "0-1"]
[WhiteElo "2362"]
[BlackElo "2299"]

1.e4 e5 2.Nf3 Nc6 3.Bb5 a6 4.Ba4 Nf6 5.O-O Be7 6.Re1 b5 7.Bb3 d6 8.c3 O-O 9.h3
Nb8 10.d4 Nbd7 11.Bc2 Bb7 12.b3 Re8 13.d5 c6 14.c4 bxc4 15.bxc4 Nc5 16.Nc3 a5
17.Na4 Nfd7 18.Be3 Qc7 19.Qd2 Ba6 20.Nxc5 dxc5 21.Ba4 cxd5 22.cxd5 c4 23.d6
Bxd6 24.Red1 Re6 25.Bxd7 Qxd7 26.Bc5 Rd8 27.Rab1 Bc8 28.Bb6 Rde8 29.Bxa5 Qa7
30.Bb6 Qa8 31.Qc2 Bb7 32.Ng5 Rg6 33.Be3 h6 34.Nxf7 Bxe4 35.Qxc4 Rc8 36.Nxh6+
Kh7 {#R} 0-1

[Event "It \"]
[Site "masterchessopen.com Bastia (France)"]
[Date "2005.11.02"]
[Round "6"]
[White "Socko Bartosz (POL)"]
[Black "Sasikiran Krishnan (IND)"]
[Result "0-1"]
[WhiteElo "2610"]
[BlackElo "2663"]

{ Socko Bartosz (POL) +0 =2 -0 Sasikiran Krishnan (IND) +7 =8 -7 } 1.e4 e5
2.Nf3 Nc6 3.Bb5 a6 4.Ba4 Nf6 5.O-O Be7 6.Re1 b5 7.Bb3 d6 8.c3 O-O 9.h3 Nb8
10.d4 Nbd7 11.Nbd2 Bb7 12.Bc2 Re8 13.Nf1 ( 13.a4 c5 14.b3 b4 15.dxe5 bxc3
16.Nc4 Nxe5 17.Nfxe5 dxe5 18.Qf3 Nd7 19.Qxc3 Nf8 20.Rd1 Qc7 21.Bb2 f6 22.Ne3
Ne6 23.Qc4 Bf8 24.Rac1 Qf7 25.Bd3 Nd4 26.Qxf7+ Kxf7 27.Ba3 Rac8 28.Nc4 Kg6
29.Na5 c4 30.Rxc4 Rxc4 31.bxc4 Bxa3 32.Nxb7 Ne6 { ...1/2-1/2, Socko Bartosz
2564 - Azarov Sergei 2490 , Leon 2001 Ch Europe (team) } ) 13...Bf8 14.Ng3 g6
( 14...c5 15.d5 c4 16.Nf5 Qc7 17.g4 Nc5 18.Ng3 a5 19.g5 Nfd7 20.Nh2 b4 21.Ng4
Ba6 22.Nh5 bxc3 23.bxc3 Nd3 24.Bxd3 cxd3 25.Bd2 Reb8 26.Kh2 Rb2 27.Rg1 g6
28.Be3 d2 29.Qf3 d1=Q 30.Qxd1 Be2 31.Nhf6+ Nxf6 32.Nxf6+ Kh8 33.Qe1 Qc4 34.Rg2
{ ...1/2-1/2, Sandipan Chanda 2464 - Sasikiran Krishnan 2664 , Raipur 2002 It
(open) "Chhattisgarh Chief Minister's Trophy" } ) 15.Bg5 { = } 15...Bg7 (
15...h6 16.Bd2 ( 16.Bxf6 Qxf6 17.d5 Bg7 { +0.04 CAP } ) 16...exd4 17.cxd4 c5
18.Bf4 cxd4 19.Nxd4 Ne5 20.b3 d5 21.Qd2 dxe4 22.Nxe4 Nd5 23.Bg3 Rc8 24.Re2 f5
25.Bxe5 Rxe5 26.Ng3 Rxe2 27.Ngxe2 Nb4 28.Rd1 Nxc2 29.Nxc2 Qxd2 30.Rxd2 Rc7
31.Ne3 Kf7 32.h4 Bc8 33.Nf4 g5 34.hxg5 hxg5 35.Nd3 { ...1/2-1/2, Fischer
Robert J 2785 - Spassky Boris V 2560 , Sveti-Stefan/Belgrade 1992 Match } )
16.Qd2 ( 16.d5 Nc5 17.Nh2 { +0.80 CAP } ) 16...Qe7 { +0.68 CAP } ( 16...c5
17.Rad1 Qc7 18.dxc5 dxc5 19.Qd6 Qxd6 20.Rxd6 h6 21.Be3 Bf8 22.Rd2 c4 23.Nh2
Nc5 24.f3 h5 25.Red1 a5 26.Ne2 a4 27.a3 Bc8 28.g4 hxg4 29.Nxg4 Bxg4 30.hxg4
Ne6 31.g5 Nh5 32.Rd5 Nhf4 33.Bxf4 Nxf4 34.Nxf4 exf4 35.Rxb5 Reb8 36.Bxa4 {
...1-0, Dovzik Juri 2410 - Kiss Robert 2215 , Debrecen 2001 It (open) } ) (
16...Nb6 { +0.11 CAP } ) 17.b3 { N } ( 17.a4 Qf8 18.axb5 axb5 19.Rxa8 Rxa8
20.dxe5 Nxe5 21.Nxe5 dxe5 22.Bxf6 Bxf6 23.Qd7 Qc5 24.Bb3 Be7 25.Re3 Rd8 26.Qg4
Bc8 27.Qe2 Bg5 28.Rf3 Rf8 29.Nf1 c6 30.Qd3 Qe7 31.Ne3 Be6 32.Bxe6 Qxe6 33.b4
Rd8 34.Qc2 h5 35.Nf1 Kg7 36.Rg3 Bf4 { ...1/2-1/2, Hurelbaatar Chultemjamc 2224
- El Saeed F, Lucerne 1982 Olympiad } ) ( 17.Rad1 Qf8 ( 17...Rad8 18.Nh2 Nf8
19.d5 c6 20.Bb3 c5 21.Ng4 h5 22.Nh2 Rb8 23.c4 Bc8 24.Qc1 bxc4 25.Bxc4 Qb7
26.b3 N6d7 27.Nhf1 Nb6 28.Be2 Bd7 29.a4 f6 30.Bd2 h4 31.Nh1 Rec8 32.Ne3 Be8
33.Nc4 Nxc4 34.Bxc4 Nd7 35.a5 Nf8 36.g3 Bd7 { ...1/2-1/2, Lodochnikov Alexandr
1910 - Mamedov Aflatun, Odessa 18. 9.2005 Memorial E.Geller (open) } ) 18.d5
Nb6 19.b3 h6 20.Be3 Nc8 21.c4 c5 22.a3 Kh7 23.Rb1 Qe7 24.Bd3 bxc4 25.bxc4 a5
26.Rb5 Qc7 27.Reb1 Ra7 28.a4 Ne7 29.Nxe5 dxe5 30.Bxc5 Ba6 31.Bxa7 Bxb5 32.axb5
Qxa7 33.b6 Qb7 34.Qxa5 Ra8 35.Qb5 Ra3 36.c5 Nd7 { ...1-0, Wallace Paul 2172 -
Moyse Nigel John 2054 , England 16. 1.2005 Ch England (team) 2004/05 (3 div) }
) 17...Qf8 18.d5 Rec8 19.c4 bxc4 20.bxc4 Nc5 21.h4 a5 22.Rac1 Ba6 23.Bb1 Rcb8
24.h5 Rb4 25.Bd3 Rab8 26.Rc2 a4 27.Nf1 { ? } ( { ? } 27.Be3 Nxd3 28.Qxd3 Bh6
29.hxg6 { } ) 27...Bc8 { ?! } ( 27...Nxh5 28.Be3 Nxd3 29.Qxd3 f5 { } ) 28.Nh4
{ ?! } ( 28.h6 Bh8 29.N3h2 Bd7 30.Ng3 { } ) 28...Ng4 { ?! } ( 28...Nxh5 29.Be3
Nf4 30.Bxc5 dxc5 { } ) 29.hxg6 fxg6 30.f3 Nh6 31.Be3 Nf7 { } {#R} 0-1

[Event "Ch World (juniors) (under 20) (g)"]
[Site "masterchessopen.com Istanbul (Turkey)"]
[Date "2005.11.09"]
[Round "1"]
[White "Paridar Shadi (IRI)"]
[Black "Almer Julia (SWE)"]
[Result "1-0"]
[WhiteElo "2237"]
[BlackElo "1943"]

1.e4 e5 2.Nf3 Nc6 3.Bb5 a6 4.Ba4 Nf6 5.O-O Be7 6.Re1 b5 7.Bb3 d6 8.c3 O-O 9.h3
Nb8 10.d4 Bb7 11.Bc2 Re8 12.b4 Bf8 13.a4 g6 14.a5 Bg7 15.Bb2 c5 16.bxc5 dxc5
17.dxe5 Nh5 18.c4 Qc7 19.Ba4 Bc6 20.Nh2 Nf4 {#r} 1-0

[Event "Ch Asia (juniors) (under 12) (g)"]
[Site "masterchessopen.com New Delhi (India)"]
[Date "2005.12.09"]
[Round "3"]
[White "Padmini Rout (IND)"]
[Black "Mohana Priya J (IND)"]
[Result "1-0"]
[WhiteElo "1938"]
[BlackElo "1939"]

1.e4 e5 2.Nf3 Nc6 3.Bb5 a6 4.Ba4 Nf6 5.O-O Be7 6.Re1 b5 7.Bb3 d6 8.c3 O-O 9.h3
Nb8 10.d4 Nbd7 11.Nbd2 Bb7 12.Bc2 Re8 {#r} 1-0

[Event "It (open)"]
[Site "masterchessopen.com Sevilla (Spain)"]
[Date "2006.01.07"]
[Round "1"]
[White "Duque Suarez Leonardo (ESP)"]
[Black "Perez Candelario Manuel (ESP)"]
[Result "0-1"]
[WhiteElo "1791"]
[BlackElo "2496"]

1.e4 e5 2.Nf3 Nc6 3.Bb5 a6 4.Ba4 Nf6 5.O-O Be7 6.Re1 b5 7.Bb3 d6 8.c3 O-O 9.h3
Nb8 10.d4 Nbd7 11.Nbd2 Bb7 12.Bc2 Re8 13.Nf1 Bf8 14.Ng3 g6 15.dxe5 dxe5 16.Bg5
h6 17.Be3 Nc5 18.Bxc5 Bxc5 19.Qe2 Qe7 20.Rad1 Rad8 21.a4 c6 22.axb5 axb5
23.Nd2 Bc8 24.Nb3 Bb6 25.Rxd8 Rxd8 26.Ra1 Nh7 27.Na5 Qf6 28.c4 Ng5 29.h4 Ne6
30.cxb5 Nd4 31.Qc4 cxb5 32.Qc3 Ne2+ 33.Nxe2 Bxf2+ 34.Kf1 Be3+ {#R} 0-1

[Event "Ch Provinciale KR"]
[Site "masterchessopen.com Cutro (Italy)"]
[Date "2006.02.03"]
[Round "1"]
[White "Virelli Salvatore"]
[Black "Cordi' Domenico (ITA)"]
[Result "0-1"]
[WhiteElo "1545"]
[BlackElo "2087"]

1.e4 e5 2.Nf3 Nc6 3.Bb5 a6 4.Ba4 Nf6 5.O-O b5 6.Bb3 Be7 7.c3 d6 8.h3 O-O 9.Re1
Nb8 10.d4 Nbd7 11.Bc2 c5 12.d5 c4 13.Bg5 Nc5 14.Nbd2 Nxd5 15.Bxe7 Nxe7 16.Nf1
Ng6 17.b4 cxb3 18.axb3 Bb7 19.Qd2 Qc7 20.b4 Ne6 21.Red1 Rfd8 22.Ne3 Rac8
23.Ra3 Ngf4 24.Nf5 d5 25.Nxe5 Qxe5 26.Ne7+ Kf8 27.Nxc8 Rxc8 28.Re1 Qg5 {#R}
0-1

[Event "It (open)"]
[Site "masterchessopen.com Moscow (Russia)"]
[Date "2006.02.05"]
[Round "8"]
[White "Das Arghyadip (IND)"]
[Black "Tihonov Jurij (BLR)"]
[Result "0-1"]
[WhiteElo "2373"]
[BlackElo "2494"]

1.e4 e5 2.Nf3 Nc6 3.Bb5 a6 4.Ba4 Nf6 5.O-O Be7 6.Re1 b5 7.Bb3 d6 8.c3 O-O 9.h3
Nb8 10.d4 Nbd7 11.Nbd2 Bb7 12.Bc2 Re8 13.a4 Bf8 14.Bd3 c6 15.b3 Qc7 16.Bb2 g6
17.Bf1 Bg7 18.Qc2 d5 19.c4 bxc4 20.bxc4 Nxe4 21.Nxe4 dxe4 22.Qxe4 f5 23.Qc2 e4
24.Nd2 Rad8 25.c5 Nf6 26.Nc4 Re7 27.Bc3 Rf8 {#R} 0-1

[Event "It (open) \"]
[Site "masterchessopen.com Moscow (Russia)"]
[Date "2006.02.08"]
[Round "1"]
[White "Alekseev Evgeny (RUS)"]
[Black "Sorokin Maxim (RUS)"]
[Result "1-0"]
[WhiteElo "2639"]
[BlackElo "2561"]

{ Sorokin Maxim (RUS) +0 =5 -0 } 1.e4 e5 2.Nf3 Nc6 3.Bb5 a6 4.Ba4 Nf6 5.O-O
Be7 6.Re1 b5 7.Bb3 d6 8.c3 O-O 9.h3 Nb8 10.d4 Nbd7 11.Nbd2 Bb7 12.Bc2 c5 (
12...Re8 13.Nf1 c5 14.d5 { 1/2-1/2, Spraggett Kevin 2589 - Sorokin Maxim 2578
, Cappelle la Grande 1. 3.2004 It (open) } ) 13.d5 c4 { ? } ( 13...g6 14.Nf1
a5 15.a4 b4 16.Bd3 Qc7 17.Ne3 bxc3 18.bxc3 c4 19.Bc2 Ba6 20.Nd2 Rfc8 21.Ba3
Bf8 22.Qf3 Bg7 23.g3 Rab8 24.Kg2 Nb6 25.g4 Nfd7 26.h4 Nc5 27.Bxc5 Qxc5 28.h5
Nd7 29.Rh1 Nf8 30.g5 Rb2 31.Ng4 gxh5 32.Nf6+ Bxf6 33.gxf6 { ...1-0, Polgar
Judit 2735 - Sokolov Ivan 2696 , Wijk aan Zee 29. 1.2005 It (cat.19) } ) (
13...Re8 14.Nf1 Bf8 15.Ng3 g6 16.a4 Nb6 17.a5 Nbd7 18.b4 Bg7 19.Ba3 Rc8 20.Bd3
Re7 21.Rb1 c4 22.Bc2 Nf8 { 1/2-1/2, Tringov Georgi P 2465 - Ivkov Borislav
2530 , Nice 1974 Olympiad } ) ( 13...Nb6 14.Nf1 h6 15.Ng3 Bc8 16.b3 a5 17.a4
bxa4 18.bxa4 Kh7 19.Rb1 g6 20.Bd3 c4 21.Bc2 Nfd7 22.Qd2 g5 23.Nf5 Re8 24.Ba3
Qc7 25.h4 f6 26.hxg5 hxg5 27.Nxg5+ fxg5 28.Bxd6 Bxd6 29.Qxg5 Nf8 30.Qh6+ Kg8
31.Qxd6 Nxd5 32.exd5 Ra7 33.Qxc7 { ...1-0, Bayer Bernhard 2347 - Meszaros
Andras 2355 , Passau 1996 It (open) } ) 14.b3 { -0.04 CAP } ( 14.Nf1 Re8
15.Ng3 g6 16.a4 Bf8 17.Bg5 h6 18.Be3 Nc5 19.Qd2 h5 20.Bg5 Bg7 21.Nh4 Qd7
22.axb5 axb5 23.Rxa8 Rxa8 24.Nhf5 Nfxe4 25.Rxe4 gxf5 26.Rh4 f6 27.Nxf5 fxg5
28.Rxh5 Bf6 29.Rxg5+ Kf7 30.Nh6+ Ke7 31.Bf5 Qd8 { 1-0, Delchev Aleksander 2575
- Mazi Leon 2415 , Bled 1998 It (open) } ) 14...Qc7 { N } ( 14...cxb3 15.axb3
Qc7 16.Bb2 Nb6 17.b4 Nfd7 18.Bb3 Kh8 19.Rc1 Nc4 20.Nxc4 bxc4 21.Bc2 a5 22.Ba3
axb4 23.Bxb4 Nc5 24.Qe2 Ba6 25.Qe3 Nd3 26.Bxd3 cxd3 27.Red1 f5 28.exf5 Rxf5
29.c4 Rf4 30.Rxd3 Rxc4 31.Rdc3 Rxc3 32.Qxc3 Qxc3 33.Rxc3 e4 34.Nd2 {
...1/2-1/2, Nasybullin Vladislav 2410 - Seredenko Vladimir 2343 , Tselinograd
1978 Ch Kazakhstan } ) 15.bxc4 bxc4 16.Rb1 Rab8 17.Qe2 Rfc8 18.Ba3 Nb6 { ? } (
{ ? } 18...a5 19.Nh4 g6 20.Nhf3 Ba6 { } ) 19.Rb2 Nfd7 20.Reb1 Ba8 21.g4 Nf8 {
?! } ( 21...Rb7 22.Bb4 Rcb8 23.a4 Nf8 { } ) 22.Nxe5 dxe5 { ?! } ( 22...Bd8
23.Nef3 Ng6 24.Qe3 h6 { } ) 23.Bxe7 Qxe7 24.Rxb6 Rxb6 25.Rxb6 Qa3 26.Nxc4 Qxc3
27.Bd3 Ng6 28.Qd2 Qa1+ { ?! } ( 28...Rxc4 29.Qxc3 Rxc3 30.Rb8+ Nf8 { } )
29.Rb1 Qd4 30.Qe3 Qc3 31.Bf1 Qc2 32.Qb3 Qxe4 33.Nd6 { } {#r} 1-0

[Event "It \"]
[Site "masterchessopen.com Ecuador"]
[Date "2006.02.11"]
[Round "3"]
[White "Nevarez Ever (ECU)"]
[Black "Nunez Eyleen (ECU)"]
[Result "1-0"]
[WhiteElo "1948"]
[BlackElo "1656"]

1.e4 e5 2.Nf3 Nc6 3.Bb5 a6 4.Ba4 Nf6 5.O-O Be7 6.Re1 b5 7.Bb3 d6 8.h3 O-O 9.c3
Nb8 10.d4 Nbd7 11.Bc2 Bb7 12.Nbd2 Re8 13.b3 Bf8 14.Bb2 g6 15.Rc1 Bg7 16.d5 c6
17.dxc6 Bxc6 18.c4 Qe7 19.cxb5 Bxb5 20.a4 Bc6 21.Nc4 Nc5 22.Qxd6 Qxd6 23.Nxd6
Re6 24.Bxe5 Rd8 25.Bb1 Nfxe4 26.Nxe4 Bxe4 27.Rxc5 Bxf3 28.gxf3 Rde8 29.f4 f6
30.b4 fxe5 31.Ba2 Kf7 32.Bxe6+ Rxe6 33.fxe5 {#r} 1-0

[Event "It (open)"]
[Site "masterchessopen.com Cappelle la Grande (France)"]
[Date "2006.02.18"]
[Round "1"]
[White "Zawadzki Stanislaw (POL)"]
[Black "Sasikiran Krishnan (IND)"]
[Result "0-1"]
[WhiteElo "2422"]
[BlackElo "2675"]

1.e4 e5 2.Nf3 Nc6 3.Bb5 a6 4.Ba4 Nf6 5.O-O Be7 6.Re1 b5 7.Bb3 d6 8.c3 O-O 9.h3
Nb8 10.d4 Nbd7 11.Nbd2 Bb7 12.Bc2 Re8 13.Nf1 Bf8 14.Ng3 g6 15.a4 Bg7 16.Bd3 c6
17.b4 Qc7 18.Qb3 Rad8 19.Ra2 Nb6 20.a5 Nbd7 21.Bb1 exd4 22.cxd4 c5 23.Rae2
cxd4 24.Ba2 { ?! } ( 24.Nxd4 { !? } 24...Qc4 25.Rd1 d5 { } ) 24...Ne5 25.Nxd4
d5 26.f4 Nxe4 27.fxe5 Bxe5 28.Ngf5 { ? } ( 28.Nxb5 { !? } 28...axb5 29.Nxe4
dxe4 30.Bb2 { } ) 28...gxf5 29.Nxf5 Bh2+ 30.Kf1 Bc8 31.Nh6+ Kf8 32.Re3 Qf4+
33.Rf3 Ng3+ 34.Kf2 Nh1+ { } {#R} 0-1

[Event "Ch Switzerland (team) 2006"]
[Site "masterchessopen.com Switzerland"]
[Date "2006.03.26"]
[Round "2"]
[White "Renet Olivier (FRA)"]
[Black "Gabriel Christian (GER)"]
[Result "1-0"]
[WhiteElo "2512"]
[BlackElo "2540"]

{ Renet Olivier (FRA) +0 =2 -0 Gabriel Christian (GER) +4 =12 -5 } 1.e4 e5
2.Nf3 Nc6 3.Bb5 a6 4.Ba4 Nf6 5.O-O Be7 6.Re1 b5 7.Bb3 d6 8.c3 O-O 9.h3 Nb8
10.d4 Nbd7 11.Nbd2 Bb7 12.Bc2 Re8 13.Nf1 ( 13.a4 Bf8 14.Bd3 c6 15.b3 Qc7
16.Qc2 g6 17.Bb2 Bg7 18.Rab1 Rab8 19.b4 Nh5 20.Bf1 Nb6 21.axb5 cxb5 22.dxe5
dxe5 23.Nb3 Na4 24.c4 bxc4 25.Qxc4 Qe7 26.Na5 Rec8 27.Qb3 Nxb2 28.Rxb2 Rc7
29.Bc4 h6 30.Rc2 Kh7 31.Bd5 Bxd5 32.exd5 Rxc2 { ...1/2-1/2, Renet Olivier 2520
- Kaabi Mejdi 2365 , Paris 1995 Ch Paris (open) } ) 13...Bf8 14.Ng3 g6 15.a4
c6 { ? } ( 15...Bg7 16.d5 Qb8 17.b3 c6 18.c4 bxc4 19.bxc4 a5 20.Ba3 Nc5 21.Rb1
Qc7 22.Bxc5 dxc5 23.d6 { 1/2-1/2, Haba Petr 2516 - Gabriel Christian 2569 ,
Austria 2002 Staatsliga B Mitte 2002/03 } ) 16.Bg5 ( 16.Bd3 Bg7 17.Bg5 Qc7
18.Qd2 Nf8 19.Red1 Ne6 20.Be3 Red8 21.Qc2 Nd7 22.Bf1 Rac8 23.Rd2 Nb6 24.b3 Nd7
25.Rc1 Qb8 26.Qd1 Ndf8 27.b4 Ba8 28.Qb3 Nd7 29.Rcd1 Qc7 30.c4 bxa4 31.Qxa4 Bb7
32.d5 cxd5 33.cxd5 Nef8 34.Ra2 Nb8 35.Nd2 f5 { ...1-0, Svidler Peter 2660 -
Gabriel Christian 2575 , Bad Homburg 1997 It (cat.14) } ) 16...Qc7 ( 16...h6
17.Be3 Qc7 18.Qd2 Kh7 19.Bb3 Re7 20.Nh2 exd4 21.Bxd4 c5 22.Be3 Rae8 23.axb5
axb5 24.Ng4 Nxg4 25.hxg4 Ne5 26.f3 d5 27.Bf4 c4 28.Bc2 Rd7 29.exd5 Rxd5 30.Qf2
Bc5 31.Be3 Nxf3+ 32.Qxf3 Rd3 33.Bxc5 Rxe1+ 34.Rxe1 Rxf3 { 0-1, Navara David
2499 - Roiz Michael 2514 , Athens 2001 Ch World (juniors) (under 20) } )
17.Qd2 ( 17.dxe5 dxe5 18.Qc1 c5 19.Nh4 Kh8 20.Bh6 c4 21.Bxf8 Nxf8 22.Qg5 Ng8
23.Nf3 f6 24.Qe3 Ne6 25.h4 Qc5 26.Qxc5 Nxc5 27.Red1 Red8 28.Rxd8 Rxd8 29.axb5
axb5 30.Ne1 Ne7 31.Ra5 Bc6 32.Ra7 Bb7 33.Ra5 Ba6 34.b3 cxb3 35.Bxb3 Rd6 36.Bc2
Kg7 { ...1/2-1/2, Berdiugina Elena 2118 - Nester Igor 2314 , Odessa 20. 9.2005
Memorial E.Geller (open) } ) 17...Bg7 18.Bh6 { +0.80 CAP } ( 18.b3 d5 19.dxe5
Nxe5 20.Nxe5 Qxe5 21.Bf4 Qe6 22.e5 Nd7 23.Bh6 Bh8 24.f4 Qe7 25.Re3 Nf8 26.Rf1
c5 27.f5 d4 28.cxd4 cxd4 29.fxg6 hxg6 30.Nf5 gxf5 31.Rg3+ Ng6 32.Bxf5 Qxe5
33.Rg4 Bg7 34.Bxg6 fxg6 35.Rxg6 Re7 36.Rf4 Be4 37.Rg5 Qe6 { ...1-0, Carlsen
Magnus 2570 - Shirov Alexei 2710 , Drammen 3. 1.2005 It (cat.14) } ) ( 18.Kh1
d5 19.Nxe5 Nxe5 20.dxe5 Qxe5 21.exd5 Qxd5 22.Qxd5 Nxd5 23.Ne4 Bf8 24.Bb3 Kg7
25.Bd2 h6 26.c4 bxc4 27.Bxc4 f5 28.Nc3 Bc5 29.Kg1 Nf6 30.Kf1 a5 31.Rad1 Rad8
32.Rxe8 Rxe8 33.Ne2 Ne4 34.Bxa5 Bc8 35.Be1 g5 36.b4 Bf8 37.f3 Nd6 { ...1-0,
Hernandez Gilberto 2509 - Galdunts Sergey 2489 , France 4. 4.2004 Ch France
(team) 2004 } ) 18...Bh8 { N } ( 18...Nf8 19.Rad1 Ne6 20.axb5 axb5 21.Bb3 c5
22.Bxe6 Rxe6 23.Bxg7 Kxg7 24.d5 Ree8 25.Nf5+ Kh8 26.Qh6 Nh5 27.Nxd6 Rf8
28.Nxb7 f6 29.Nxc5 Qxc5 30.Qe3 Qc4 31.Ra1 Qb3 32.Qd2 Nf4 33.Kh2 Qc4 34.g3 Nd3
35.Rxa8 Rxa8 36.Re3 Nc5 37.Qe2 Qb3 38.Qd2 { ...1-0, Geller Efim P 2455 -
Nikolic Sava N R 2089 , Pancevo 1987 It } ) ( 18...d5 19.dxe5 Nxe4 20.Nxe4
dxe4 21.Bxg7 Kxg7 22.Rxe4 Nxe5 23.Nxe5 Rxe5 24.Qd4 f6 25.Rxe5 fxe5 26.Qc5 Rd8
27.axb5 Rd5 28.b6 Qd8 29.Qe3 Rb5 30.Rd1 Qe7 31.b4 Bc8 32.Ba4 Rd5 33.Rxd5 cxd5
34.Qc5 Qd8 35.Bc6 Be6 36.b7 Qb8 37.Qe7+ Bf7 38.Bxd5 { ...1-0, Fraga Castro
Jose Carlos 2185 - Garcia Rodriguez Vanessa 2147 , Mondariz 2002 Ch Spain
(team) (juniors) } ) 19.axb5 axb5 20.dxe5 dxe5 21.Nf5 Rxa1 22.Rxa1 Re6 23.Ng5
gxf5 24.Nxe6 fxe6 25.exf5 Kf7 26.Qg5 exf5 27.Bxf5 Nb6 28.Re1 Qd6 { ? } (
28...Nc4 29.b3 Nd6 30.Bc2 e4 31.Rd1 Nc8 32.Qe3 Qe7 33.Bg5 c5 34.b4 { } )
29.Rxe5 Qxe5 30.Bg6+ Ke6 31.Bf7+ Kd6 32.Bf8+ { } {#r} 1-0

[Event "Ch Ecuador (juniors) (under 13)"]
[Site "masterchessopen.com Ecuador"]
[Date "2006.04.14"]
[Round "5"]
[White "Vasconez Navas Juan (ECU)"]
[Black "Garzon Rivera Ricardo (ECU)"]
[Result "1-0"]
[WhiteElo "1945"]
[BlackElo "1849"]

1.e4 e5 2.Nf3 Nc6 3.Bb5 a6 4.Ba4 Nf6 5.O-O Be7 6.Re1 b5 7.Bb3 d6 8.c3 O-O 9.h3
Nb8 10.d4 Nbd7 11.a4 Bb7 12.Nbd2 c5 13.d5 c4 14.Bc2 Nc5 15.Qe2 Re8 16.axb5
axb5 17.Rxa8 Bxa8 18.b3 cxb3 19.Nxb3 Nxb3 20.Bxb3 Qb6 21.Be3 Qa5 22.Qd3 Rc8
23.c4 bxc4 24.Bxc4 Qa4 25.Nd2 h6 26.Rb1 Bd8 27.f3 Ba5 28.Bb5 Qa2 29.Nc4 Bc7
30.Rb3 Qa1+ 31.Kh2 Qe1 32.Rb1 Qh4 33.Qa3 Rd8 34.Qa7 Rc8 35.Ba6 Bb7 36.Rxb7
{#r} 1-0

[Event "Olympiad (w)"]
[Site "masterchessopen.com Turin (Italy)"]
[Round "10"]
[White "Bayaraa Zorigt (MGL)"]
[Black "Swathi Ghate (IND)"]
[Result "0-1"]
[WhiteElo "2151"]
[BlackElo "2385"]

1.e4 e5 2.Nf3 Nc6 3.Bb5 a6 4.Ba4 Nf6 5.O-O Be7 6.Re1 b5 7.Bb3 d6 8.c3 O-O 9.h3
Nb8 10.d4 Nbd7 11.Nbd2 Bb7 12.Bc2 Re8 13.Nf1 Bf8 14.Ng3 g6 15.a4 Bg7 16.Nh2 c6
17.Bg5 Qc7 18.h4 d5 19.dxe5 Nxe5 20.h5 Re6 21.h6 Bf8 22.exd5 Nxd5 23.Ng4 Rae8
24.Nxe5 Rxe5 25.Qd2 f6 26.Be3 Nxe3 27.fxe3 Bxh6 28.Nf1 c5 29.axb5 axb5 30.b4
c4 31.Qd4 f5 32.Ra7 Qc6 33.Re2 Bg5 34.e4 Bd8 {#R} 0-1

[Event "Tournament"]
[Site "masterchessopen.com Belovo (Russia)"]
[Round "0"]
[White "Obuhov Oleg (RUS)"]
[Black "Gutov Andrey (RUS)"]
[Result "0-1"]
[WhiteElo "2241"]
[BlackElo "2505"]

1.e4 e5 2.Nf3 Nc6 3.Bb5 a6 4.Ba4 Nf6 5.O-O Be7 6.Re1 b5 7.Bb3 d6 8.c3 O-O 9.h3
Nb8 10.d4 Nbd7 11.Nbd2 Bb7 12.Bc2 Re8 13.Nf1 Bf8 14.Ng3 g6 15.a4 Bg7 16.Bg5 h6
17.Bd2 Kh7 18.b3 d5 19.exd5 Nxd5 20.c4 bxc4 21.bxc4 N5b6 22.Rb1 exd4 23.Nh5
Rxe1+ 24.Bxe1 Bxf3 25.Qxf3 Ne5 26.Qg3 d3 27.Nxg7 dxc2 28.Rc1 Nd3 29.Rxc2 Nxe1
30.Re2 Qd1 {#R} 0-1

[Event "Tournament \"]
[Site "masterchessopen.com Ulan Ude (Russia)"]
[Round "6"]
[White "Dashibalov Erdem (RUS)"]
[Black "Buldaev Nikolay (RUS)"]
[Result "0-1"]
[WhiteElo "2256"]
[BlackElo "2196"]

1.e4 e5 2.Nf3 Nc6 3.Bb5 a6 4.Ba4 Nf6 5.O-O Be7 6.Re1 b5 7.Bb3 d6 8.c3 O-O 9.h3
Nb8 10.d4 Nbd7 11.Nbd2 Bb7 12.Bc2 Re8 13.Nf1 Bf8 14.Ng3 g6 15.a4 c5 16.d5 c4
17.Bg5 h6 18.Be3 Nc5 19.Qd2 h5 20.Bg5 Be7 21.Ra3 Rb8 22.Rea1 Bc8 23.axb5 axb5
24.Qe3 Qb6 25.Nd2 Bb7 26.Kh2 Ra8 27.f4 Rxa3 28.Rxa3 exf4 29.Qxf4 Qd8 30.Nf3
Nfd7 31.Bh6 Bf6 32.Qxd6 h4 33.Ne2 Nxe4 34.Bxe4 Rxe4 35.Ra7 Be7 {#R} 0-1